000 00518 a2200193 4500
003 NUST
005 20231219162552.0
008 231219b ||||| |||| 00| 0 eng d
020 _a0324224990
024 _a2003112532
082 _a658.15
_bBRI
100 _aBrigham,Eugene F.
_9112217
245 _aFinancial Management.
_bTheory and Practice.
_cEugene F.Brigham
250 _a11th.
260 _aSouth-Western
_bThomson
_c2005.
300 _a1000p.
500 _aPaper cover
942 _aNBS
_cBK
_k658.15 BRI
_2ddc
999 _c349123
_d349123